[Event "Aurora Summer op"]
[Site "Aurora CAN"]
[Date "2014.07.05"]
[Round "1.9"]
[White "Rofrano, Joshua"]
[Black "Cormier, Adam"]
[Result "0-1"]
[WhiteElo "2006"]
[BlackElo "2255"]
[PlyCount "54"]
[EventDate "2014.07.05"]
[EventType "swiss"]
[EventRounds "5"]
[EventCountry "CAN"]

1. d4 d5 2. c4 e6 3. Nc3 c6 4. e4 dxe4 5. Nxe4 Bb4+ 6. Bd2 Qxd4 7. Bxb4 Qxe4+
8. Be2 Qxg2 9. Bf3 Qg5 10. Ne2 Nd7 11. Rg1 Qh6 12. Bd6 Ne7 13. Qb3 Nf5 14. Bf4
Qf6 15. Bg5 Qe5 16. O-O-O O-O 17. Bf4 Qa5 18. Kb1 e5 19. Bd2 Qb6 20. Qd3 Nc5
21. Qc3 Nd4 22. Nxd4 exd4 23. Rxg7+ Kxg7 24. Qxd4+ f6 25. Rg1+ Kh8 26. Bg5 Bf5+
27. Be4 Bxe4+ 0-1

[Event "Aurora Summer op"]
[Site "Aurora CAN"]
[Date "2014.07.05"]
[Round "1.10"]
[White "Zeromskis, Egidijus"]
[Black "Michelashvili, Alexandre"]
[Result "1/2-1/2"]
[WhiteElo "2242"]
[BlackElo "1972"]
[PlyCount "56"]
[EventDate "2014.07.05"]
[EventType "swiss"]
[EventRounds "5"]
[EventCountry "CAN"]

1. d4 d5 2. Nf3 Nf6 3. e3 e6 4. Bd3 c5 5. c3 Nc6 6. O-O Bd6 7. Nbd2 O-O 8. Re1
e5 9. dxc5 Bxc5 10. e4 Re8 11. exd5 Nxd5 12. Nb3 Bf8 13. Bc4 Nb6 14. Qxd8 Rxd8
15. Bb5 f6 16. Be3 Nd5 17. Bc5 Bxc5 18. Nxc5 Nce7 19. Rad1 b6 20. Ne4 Be6 21.
a3 Nf4 22. g3 Nfd5 23. Kg2 Bg4 24. h3 Be6 25. Be2 Bf5 26. Bd3 Nc7 27. Bc2 Be6
28. Ng1 Bd5 1/2-1/2

[Event "Aurora Summer op"]
[Site "Aurora CAN"]
[Date "2014.07.05"]
[Round "1.11"]
[White "Liang, Hairan"]
[Black "Itkin, David"]
[Result "1-0"]
[WhiteElo "1952"]
[BlackElo "2233"]
[PlyCount "85"]
[EventDate "2014.07.05"]
[EventType "swiss"]
[EventRounds "5"]
[EventCountry "CAN"]

1. e4 c5 2. Nf3 d6 3. Bb5+ Nc6 4. O-O Bd7 5. c3 a6 6. Ba4 b5 7. Bc2 Bg4 8. h3
Bh5 9. d3 e6 10. Re1 Be7 11. Be3 Nf6 12. d4 cxd4 13. cxd4 Nb4 14. Nbd2 Rc8 15.
Bb1 O-O 16. a3 Nc6 17. d5 exd5 18. exd5 Ne5 19. Bf4 Nxf3+ 20. Nxf3 Rc5 21. Ba2
Bg6 22. Rc1 Ne4 23. Rxc5 Nxc5 24. Nd4 Bf6 25. Nc6 Qd7 26. Bb1 Bxb1 27. Qxb1 Na4
28. b3 Nc3 29. Qd3 Rc8 30. Rc1 Qe8 31. Kf1 b4 32. Nxb4 Nb5 33. Rxc8 Qxc8 34. a4
Nd4 35. Qxa6 Qe8 36. Qc4 Qd7 37. a5 h6 38. a6 Qf5 39. a7 Qxf4 40. a8=Q+ Kh7 41.
Qd3+ g6 42. g3 Qc1+ 43. Kg2 1-0

[Event "Aurora Summer op"]
[Site "Aurora CAN"]
[Date "2014.07.05"]
[Round "2.1"]
[White "Sambuev, Bator"]
[Black "Aronov, Yuri"]
[Result "1-0"]
[WhiteElo "2690"]
[BlackElo "2309"]
[PlyCount "73"]
[EventDate "2014.07.05"]
[EventType "swiss"]
[EventRounds "5"]
[EventCountry "CAN"]

1. d4 d5 2. c4 e6 3. Nc3 Be7 4. Nf3 Nf6 5. Bg5 O-O 6. e3 b6 7. Bd3 Bb7 8. O-O
Nbd7 9. Qe2 h6 10. Bf4 Bd6 11. Ne5 Ne4 12. Rfd1 Nxc3 13. bxc3 Qe7 14. Qg4 f5
15. Qg3 Bxe5 16. Bxe5 Nxe5 17. Qxe5 Qd6 18. Qxd6 cxd6 19. cxd5 Bxd5 20. c4 Be4
21. Be2 Bb7 22. a4 Ba6 23. Kf1 Rfc8 24. Rdc1 d5 25. cxd5 Bxe2+ 26. Kxe2 exd5
27. Rab1 Rab8 28. Kf3 g5 29. Rxc8+ Rxc8 30. a5 Rc6 31. axb6 axb6 32. Ra1 Rd6
33. Ra7 Kf8 34. h3 Ke8 35. Ke2 Rf6 36. Rh7 Kf8 37. Rd7 1-0

[Event "Aurora Summer op"]
[Site "Aurora CAN"]
[Date "2014.07.05"]
[Round "2.3"]
[White "Kleinman, Michael"]
[Black "Kazmaier, Daniel"]
[Result "1-0"]
[WhiteElo "2370"]
[BlackElo "2297"]
[PlyCount "97"]
[EventDate "2014.07.05"]
[EventType "swiss"]
[EventRounds "5"]
[EventCountry "CAN"]

1. e4 e6 2. d4 d5 3. Nd2 Nf6 4. e5 Nfd7 5. Bd3 c5 6. c3 Nc6 7. Ne2 Qb6 8. Nf3
f6 9. exf6 Nxf6 10. O-O Bd6 11. c4 cxd4 12. cxd5 Nxd5 13. Nexd4 Nxd4 14. Nxd4
O-O 15. Nf3 Bd7 16. Be4 Nf6 17. Be3 Bc5 18. Bxc5 Qxc5 19. Qe2 Bb5 20. Bd3 Bxd3
21. Qxd3 Rad8 22. Qb3 Qd5 23. Qe3 Ng4 24. Qe2 Qf5 25. Rad1 Rd5 26. Nd4 Re5 27.
Qd2 Qg6 28. h3 Nh6 29. Rfe1 Rd5 30. Qe2 Rfd8 31. Nf3 Nf5 32. Rc1 Re8 33. Rc7
Nd6 34. Rd7 e5 35. Rd1 Qe6 36. Rxd5 Qxd5 37. Qd2 Qxd2 38. Nxd2 Re6 39. Nb3 b6
40. Nd2 a5 41. Kf1 Kf8 42. Ke2 Rg6 43. g4 Ke8 44. Ra7 Kd8 45. a4 Nc8 46. Rb7
Rh6 47. h4 Rg6 48. Nc4 Rxg4 49. b3 {...} 1-0

[Event "Aurora Summer op"]
[Site "Aurora CAN"]
[Date "2014.07.05"]
[Round "2.4"]
[White "Issani, Nameer"]
[Black "Derraugh, Geordie"]
[Result "0-1"]
[WhiteElo "1904"]
[BlackElo "2344"]
[PlyCount "78"]
[EventDate "2014.07.05"]
[EventType "swiss"]
[EventRounds "5"]
[EventCountry "CAN"]

1. e4 c5 2. Nf3 d6 3. d4 cxd4 4. Nxd4 Nf6 5. Nc3 a6 6. Be2 e5 7. Nb3 Be7 8. Be3
Be6 9. O-O O-O 10. f3 d5 11. exd5 Nxd5 12. Nxd5 Bxd5 13. Qd2 Bc6 14. Rad1 Qc7
15. Qa5 Bd8 16. Qxc7 Bxc7 17. Bc5 Re8 18. Nd2 Nd7 19. Ba3 Nf6 20. c4 e4 21.
fxe4 Nxe4 22. Nxe4 Rxe4 23. Bd3 Rg4 24. g3 h5 25. Be2 Rg5 26. Bf3 Bb6+ 27. Kg2
Re8 28. Bxc6 Re2+ 29. Kf3 Re3+ 30. Kg2 bxc6 31. Rfe1 Rge5 32. Rxe3 Rxe3 33. Rd6
Re2+ 34. Kf3 Rxh2 35. Rxc6 Bd4 36. Rxa6 f5 37. Kf4 Rf2+ 38. Kg5 Kh7 39. Bd6
Bf6+ 0-1

[Event "Aurora Summer op"]
[Site "Aurora CAN"]
[Date "2014.07.05"]
[Round "2.5"]
[White "Ochkoos, Jura"]
[Black "Liang, Hairan"]
[Result "1-0"]
[WhiteElo "2342"]
[BlackElo "1952"]
[PlyCount "83"]
[EventDate "2014.07.05"]
[EventType "swiss"]
[EventRounds "5"]
[EventCountry "CAN"]

1. e4 c5 2. Nf3 Nc6 3. d4 cxd4 4. Nxd4 g6 5. Nc3 Bg7 6. Nde2 Nf6 7. g3 d6 8.
Bg2 O-O 9. O-O Nd7 10. Rb1 Nde5 11. h3 f5 12. f4 Nf7 13. exf5 gxf5 14. Kh2 Kh8
15. Be3 Rg8 16. a3 Qf8 17. Rg1 e6 18. Qd3 Bd7 19. Rbd1 Rd8 20. b4 b6 21. Nb1
Be8 22. c4 Bf6 23. Nbc3 Ne7 24. Nb5 Bxb5 25. cxb5 Nh6 26. Qb3 d5 27. Bd4 Qg7
28. Qc3 Bxd4 29. Qxd4 Rc8 30. Rc1 Nf7 31. Qe3 Qf6 32. Nd4 e5 33. fxe5 Qxe5 34.
Qxe5+ Nxe5 35. Rge1 Nd3 36. Rxc8 Nxe1 37. Rc7 Rg7 38. Ne6 Rf7 39. Bxd5 Nxd5 40.
Rxf7 h6 41. Rxf5 Ne3 42. Rf7 1-0

[Event "Aurora Summer op"]
[Site "Aurora CAN"]
[Date "2014.07.05"]
[Round "2.6"]
[White "Cormier, Adam"]
[Black "Zeromskis, Egidijus"]
[Result "1-0"]
[WhiteElo "2255"]
[BlackElo "2242"]
[PlyCount "81"]
[EventDate "2014.07.05"]
[EventType "swiss"]
[EventRounds "5"]
[EventCountry "CAN"]

1. d4 Nf6 2. c4 c5 3. d5 e5 4. Nc3 d6 5. g3 Be7 6. Bg2 O-O 7. Nf3 Nbd7 8. O-O
Rb8 9. Ne1 Ne8 10. e4 Nc7 11. a4 b6 12. Nd3 a6 13. b4 Ne8 14. Be3 g6 15. f4 f6
16. Bh3 Ng7 17. Be6+ Kh8 18. a5 bxa5 19. Bxd7 Bxd7 20. bxc5 dxc5 21. fxe5 Bh3
22. Rf2 fxe5 23. Nxe5 Rxf2 24. Bxf2 Qe8 25. Qf3 Rb6 26. Nf7+ Kg8 27. Nh6+ Kh8
28. g4 Bf6 29. Qxh3 Rb3 30. Rc1 a4 31. Qf3 Bd4 32. e5 a3 33. Nf7+ Kg8 34. Nd6
Qe7 35. e6 Qxd6 36. Qf7+ Kh8 37. Bxd4 cxd4 38. e7 Rb8 39. Ne4 Qb4 40. d6 h5 41.
g5 1-0

[Event "Aurora Summer op"]
[Site "Aurora CAN"]
[Date "2014.07.05"]
[Round "2.7"]
[White "Zhong, Joey"]
[Black "Sapozhnikov, Roman"]
[Result "0-1"]
[WhiteElo "1963"]
[BlackElo "2406"]
[PlyCount "50"]
[EventDate "2014.07.05"]
[EventType "swiss"]
[EventRounds "5"]
[EventCountry "CAN"]

1. e4 c5 2. Nf3 d6 3. d4 Nf6 4. Nc3 cxd4 5. Nxd4 a6 6. Be2 e6 7. O-O Be7 8. Be3
O-O 9. f4 Qc7 10. Qe1 b5 11. a3 Bb7 12. Bf3 Nbd7 13. Qg3 Nc5 14. f5 e5 15. Bh6
Ne8 16. f6 Bxf6 17. Nf5 Ne6 18. Nd5 Bxd5 19. exd5 Nf4 20. c3 Qc4 21. Rae1 Kh8
22. Ne3 Qa2 23. Bxf4 exf4 24. Qxf4 Qxb2 25. Be4 Bxc3 0-1

[Event "Aurora Summer op"]
[Site "Aurora CAN"]
[Date "2014.07.05"]
[Round "2.8"]
[White "Michelashvili, Alexandre"]
[Black "Bluvshtein, Ilia"]
[Result "1/2-1/2"]
[WhiteElo "1972"]
[BlackElo "2218"]
[PlyCount "82"]
[EventDate "2014.07.05"]
[EventType "swiss"]
[EventRounds "5"]
[EventCountry "CAN"]

1. e4 e5 2. Nf3 Nc6 3. Bb5 f5 4. d3 Nf6 5. Nc3 Bb4 6. O-O Bxc3 7. bxc3 O-O 8.
Bxc6 dxc6 9. exf5 e4 10. Nd4 Qd5 11. Bf4 Rf7 12. Qd2 Bxf5 13. Nxf5 Qxf5 14. d4
h5 15. f3 Raf8 16. Be5 Nd5 17. c4 Nb6 18. Qe2 exf3 19. Rxf3 Qe6 20. Rxf7 Qxf7
21. Rb1 Nxc4 22. Rxb7 Nxe5 23. dxe5 Qxa2 24. h3 Re8 25. Qxh5 Qa1+ 26. Kh2 Qxe5+
27. Qxe5 Rxe5 28. Rxc7 Rc5 29. Rxa7 Rxc2 30. Rc7 Kh7 31. Kg3 Kg6 32. Kf3 Kf6
33. Rb7 g5 34. Rc7 c5 35. Ke4 Rxg2 36. Rxc5 Kg6 37. Kf3 Ra2 38. Kg4 Ra4+ 39.
Kg3 Kh5 40. Rc3 Ra8 41. Rc4 Ra3+ 1/2-1/2

[Event "Aurora Summer op"]
[Site "Aurora CAN"]
[Date "2014.07.05"]
[Round "2.10"]
[White "Itkin, David"]
[Black "Zhao, Yue Tong (Davy)"]
[Result "1-0"]
[WhiteElo "2233"]
[BlackElo "2079"]
[PlyCount "47"]
[EventDate "2014.07.05"]
[EventType "swiss"]
[EventRounds "5"]
[EventCountry "CAN"]

1. e4 c5 2. Nf3 e6 3. Nc3 a6 4. d4 cxd4 5. Nxd4 Qc7 6. Be2 Nf6 7. O-O Bc5 8.
Kh1 d6 9. f4 O-O 10. Bf3 Nc6 11. Nb3 Ba7 12. a4 e5 13. f5 Nd4 14. Bg5 Nd7 15.
Nxd4 exd4 16. Nd5 Qc5 17. b4 Qc4 18. Be2 d3 19. Bxd3 Qd4 20. c3 Qe5 21. Bf4 Qe8
22. Nc7 Qe7 23. Nxa8 Bb8 24. a5 1-0

[Event "Aurora Summer op"]
[Site "Aurora CAN"]
[Date "2014.07.05"]
[Round "2.11"]
[White "Chen, Richard"]
[Black "Zotkin, Daniel"]
[Result "1/2-1/2"]
[WhiteElo "2071"]
[BlackElo "2200"]
[PlyCount "140"]
[EventDate "2014.07.05"]
[EventType "swiss"]
[EventRounds "5"]
[EventCountry "CAN"]

1. e4 c5 2. Nf3 Nc6 3. Bb5 d6 4. d4 cxd4 5. Qxd4 Bd7 6. Bxc6 Bxc6 7. Nc3 Nf6 8.
Bg5 e5 9. Qd3 Be7 10. O-O O-O 11. Rfe1 Qb6 12. b3 Rfd8 13. Nh4 g6 14. Qf3 Kg7
15. Qg3 Nh5 16. Qg4 Bd7 17. Nf5+ Bxf5 18. exf5 Bxg5 19. Qxg5 h6 20. Qh4 Nf6 21.
fxg6 fxg6 22. Rad1 Rac8 23. Re3 Qa5 24. Ne4 Nxe4 25. Qe7+ Kg8 26. Rxe4 Qc7 27.
Qxc7 Rxc7 28. c4 Kf7 29. Rxe5 dxe5 30. Rxd8 b5 31. g3 bxc4 32. bxc4 Kf6 33.
Rd6+ Kf5 34. Ra6 h5 35. Kg2 g5 36. Kf3 Rxc4 37. Rxa7 Rc3+ 38. Kg2 h4 39. a4 Rc2
40. a5 Ra2 41. a6 hxg3 42. hxg3 g4 43. Ra8 Ke4 44. a7 Ra1 45. Kh2 Ra2 46. Kg1
Ra1+ 47. Kg2 Ra2 48. Kf1 Ra1+ 49. Ke2 Ra2+ 50. Kd1 Ra1+ 51. Kc2 Ra2+ 52. Kb3
Ra6 53. Kc4 Ra1 54. Kc5 Ra2 55. Kb6 Rb2+ 56. Kc6 Rc2+ 57. Kd6 Ra2 58. Ke6 Ra6+
59. Kf7 Kf5 60. Kg7 Kg5 61. Kh7 Kh5 62. Re8 Rxa7+ 63. Kg8 Kg6 64. Kf8 Kf6 65.
Kg8 Kf5 66. Rf8+ Ke4 67. Rf6 Rb7 68. Kh8 Rb3 69. Kg7 Rf3 70. Kg6 Rc3 1/2-1/2

[Event "Aurora Summer op"]
[Site "Aurora CAN"]
[Date "2014.07.05"]
[Round "2.12"]
[White "Profit, Brian"]
[Black "Chernik, Dmitry"]
[Result "1-0"]
[WhiteElo "2108"]
[BlackElo "2032"]
[PlyCount "65"]
[EventDate "2014.07.05"]
[EventType "swiss"]
[EventRounds "5"]
[EventCountry "CAN"]

1. d4 Nf6 2. Bg5 d5 3. Bxf6 exf6 4. e3 Be6 5. g3 Qd7 6. Bg2 c6 7. Nd2 Bd6 8. a3
Na6 9. Rc1 b5 10. Qe2 O-O 11. Ngf3 Bh3 12. O-O Bxg2 13. Kxg2 Nc7 14. Ra1 Rfe8
15. b3 Qe7 16. a4 Bb4 17. Rfc1 Bc3 18. Ra2 bxa4 19. Rxa4 Nb5 20. Nb1 Bb2 21.
Rd1 Qe4 22. Qd3 a5 23. Ra2 Qxd3 24. Rxd3 Bc1 25. c4 dxc4 26. bxc4 Nd6 27. Rc3
Reb8 28. Rxc1 g6 29. c5 Ne4 30. Nc3 f5 31. Nxe4 fxe4 32. Ne5 Ra6 33. Rca1 1-0

[Event "Aurora Summer op"]
[Site "Aurora CAN"]
[Date "2014.07.05"]
[Round "2.14"]
[White "Noritsyn, Sergey"]
[Black "Rofrano, Joshua"]
[Result "1-0"]
[WhiteElo "2087"]
[BlackElo "2006"]
[PlyCount "69"]
[EventDate "2014.07.05"]
[EventType "swiss"]
[EventRounds "5"]
[EventCountry "CAN"]

1. e4 c5 2. Nf3 e6 3. c3 d5 4. exd5 exd5 5. d4 Nc6 6. Bd3 Nf6 7. O-O cxd4 8.
cxd4 Be7 9. Nc3 O-O 10. Bc2 Bg4 11. Be3 Re8 12. h3 Bh5 13. Bf5 Rb8 14. Bd3 a6
15. Be2 Rc8 16. Rc1 b5 17. Ne5 Bxe2 18. Qxe2 Qb6 19. Rfd1 Red8 20. Qf3 Bb4 21.
Ne2 Qb7 22. Bg5 Be7 23. Nc3 Nb8 24. Bxf6 Bxf6 25. Nxd5 Qa7 26. Nxf6+ gxf6 27.
Qg4+ Kf8 28. Rxc8 Rxc8 29. Qxc8+ Ke7 30. Nc6+ Nxc6 31. Qxc6 Qb8 32. Qc5+ Kd7
33. Re1 Qd6 34. Qa7+ Kd8 35. Qxf7 1-0

[Event "Aurora Summer op"]
[Site "Aurora CAN"]
[Date "2014.07.05"]
[Round "3.1"]
[White "Derraugh, Geordie"]
[Black "Sambuev, Bator"]
[Result "0-1"]
[WhiteElo "2344"]
[BlackElo "2690"]
[PlyCount "74"]
[EventDate "2014.07.05"]
[EventType "swiss"]
[EventRounds "5"]
[EventCountry "CAN"]

1. e4 e6 2. d4 d5 3. Nd2 c5 4. Ngf3 Nf6 5. e5 Nfd7 6. c3 Nc6 7. Nb3 c4 8. Nbd2
b5 9. Be2 Nb6 10. h4 b4 11. Ng5 h6 12. Ngf3 a5 13. Rh3 Ba6 14. Nb1 Qd7 15. Nh2
a4 16. f4 Qa7 17. Rf3 a3 18. bxa3 bxc3 19. Rxc3 Bc8 20. Nf3 Be7 21. h5 O-O 22.
g4 Na4 23. Rc2 f6 24. exf6 Rxf6 25. Be3 Bd7 26. Qd2 Bd8 27. Kf1 Ba5 28. Qc1
Raf8 29. Kg2 Bb6 30. Qd2 Qb8 31. Ne5 Be8 32. Qd1 Rxf4 33. Bxf4 Rxf4 34. Nxc6
Bxc6 35. Rd2 e5 36. Bxc4 dxc4+ 37. d5 Bd7 0-1

[Event "Aurora Summer op"]
[Site "Aurora CAN"]
[Date "2014.07.05"]
[Round "3.2"]
[White "Cormier, Adam"]
[Black "Kleinman, Michael"]
[Result "0-1"]
[WhiteElo "2255"]
[BlackElo "2370"]
[PlyCount "40"]
[EventDate "2014.07.05"]
[EventType "swiss"]
[EventRounds "5"]
[EventCountry "CAN"]

1. d4 Nf6 2. c4 g6 3. Nf3 Bg7 4. g3 c6 5. Bg2 d5 6. Nbd2 O-O 7. O-O a5 8. b3
Bf5 9. Bb2 Nbd7 10. Ne1 Qb8 11. f3 e5 12. e4 dxe4 13. fxe4 Bg4 14. Qc2 exd4 15.
Bxd4 Ne5 16. h3 Be6 17. Rd1 Nh5 18. Bf2 Rd8 19. g4 Nf4 20. Bg3 Ne2+ 0-1

[Event "Aurora Summer op"]
[Site "Aurora CAN"]
[Date "2014.07.05"]
[Round "3.3"]
[White "Sapozhnikov, Roman"]
[Black "Ochkoos, Jura"]
[Result "1/2-1/2"]
[WhiteElo "2406"]
[BlackElo "2342"]
[PlyCount "111"]
[EventDate "2014.07.05"]
[EventType "swiss"]
[EventRounds "5"]
[EventCountry "CAN"]

1. d4 d5 2. c4 e6 3. Nf3 c5 4. cxd5 exd5 5. Nc3 Nc6 6. g3 c4 7. Bg2 Bb4 8. O-O
Nge7 9. Ne5 O-O 10. Nxc6 bxc6 11. Na4 Bf5 12. b3 cxb3 13. axb3 Nc8 14. Ba3 Bxa3
15. Rxa3 Nd6 16. Nc5 Nb5 17. Ra1 Qc8 18. Qd2 Bh3 19. Rfc1 Bxg2 20. Kxg2 Rb8 21.
Qf4 Re8 22. Rc2 Rb6 23. f3 h6 24. h4 Qd8 25. h5 Qe7 26. Kf2 Qd8 27. Rh1 Qe7 28.
Ra1 Qd8 29. Na4 Ra6 30. Rac1 Qe7 31. Nc5 Ra3 32. Rd1 Qd8 33. Rd3 Ra1 34. Rc1
Ra2 35. Rd2 Qa5 36. Rcc2 Rxc2 37. Rxc2 Qa1 38. Rd2 Qh1 39. Qh4 Qc1 40. Qf4 Nc3
41. e4 Qh1 42. e5 Qh2+ 43. Ke3 Qxh5 44. g4 Qh1 45. Rc2 Qe1+ 46. Kd3 Nb5 47. Qe3
Qb1 48. Kd2 Qa1 49. Kd3 Qd1+ 50. Rd2 Qf1+ 51. Kc2 Qa1 52. Kd3 Qf1+ 53. Kc2 Qa1
54. Kd3 Qf1+ 55. Kc2 Qa1 56. Kd3 1/2-1/2

[Event "Aurora Summer op"]
[Site "Aurora CAN"]
[Date "2014.07.05"]
[Round "3.5"]
[White "Aronov, Yuri"]
[Black "Noritsyn, Sergey"]
[Result "1-0"]
[WhiteElo "2309"]
[BlackElo "2087"]
[PlyCount "115"]
[EventDate "2014.07.05"]
[EventType "swiss"]
[EventRounds "5"]
[EventCountry "CAN"]

1. d4 d5 2. c4 dxc4 3. Nf3 Nf6 4. e3 e6 5. Bxc4 a6 6. Qe2 c5 7. dxc5 Bxc5 8. e4
Nc6 9. e5 Nd5 10. O-O Nce7 11. Rd1 Qc7 12. Nbd2 b5 13. Bb3 O-O 14. Ne4 Bb7 15.
Bd2 Rac8 16. Rac1 Qb6 17. Bc2 Ng6 18. g3 Be7 19. h4 Rfe8 20. h5 Nf8 21. h6 g6
22. Bg5 Bc5 23. Nh2 Nd7 24. Ng4 Kh8 25. Qf3 Rf8 26. Bb1 Bd4 27. Rxc8 Bxc8 28.
Bf6+ N5xf6 29. exf6 Bb7 30. Qd3 Ne5 31. Nxe5 Bxe5 32. Qf3 Rd8 33. Rxd8+ Qxd8
34. Qa3 Kg8 35. Qe7 Qc8 36. Kh2 Bxe4 37. Bxe4 Qf8 38. b3 b4 39. Kg2 a5 40. Bxg6
Bd6 41. Bxf7+ Qxf7 42. Qxd6 Qxf6 43. Qb8+ Kf7 44. Qa7+ Kg6 45. Qxa5 Qd4 46. Qa8
Kxh6 47. Qf8+ Kg6 48. Qg8+ Kf5 49. Qxh7+ Ke5 50. Qg7+ Kd5 51. Qxd4+ Kxd4 52. f3
Kc3 53. g4 Kb2 54. g5 Kxa2 55. g6 Kxb3 56. g7 Kc2 57. g8=Q b3 58. Qxe6 1-0

[Event "Aurora Summer op"]
[Site "Aurora CAN"]
[Date "2014.07.05"]
[Round "3.6"]
[White "Kazmaier, Daniel"]
[Black "Issani, Nameer"]
[Result "1-0"]
[WhiteElo "2297"]
[BlackElo "1904"]
[PlyCount "71"]
[EventDate "2014.07.05"]
[EventType "swiss"]
[EventRounds "5"]
[EventCountry "CAN"]

1. d4 Nf6 2. Bg5 h6 3. Bxf6 exf6 4. c4 Bb4+ 5. Nd2 O-O 6. e3 Re8 7. g3 d5 8. c5
b6 9. a3 Bxd2+ 10. Qxd2 bxc5 11. dxc5 Bf5 12. Bg2 c6 13. Ne2 Nd7 14. Nd4 Be6
15. Nxc6 Qc7 16. Bxd5 Bxd5 17. Qxd5 Rac8 18. Nd4 Nxc5 19. O-O Re5 20. Qc4 Qd7
21. Rac1 Rce8 22. Rfd1 Qh3 23. Qf1 Qxf1+ 24. Kxf1 Ne6 25. Nc6 Rh5 26. Nxa7 Rxh2
27. Kg1 Rh5 28. b4 Ra8 29. Rd7 g5 30. g4 Rh4 31. f3 h5 32. gxh5 f5 33. b5 Ra4
34. b6 Rxa3 35. b7 R3xa7 36. Rc8+ 1-0

[Event "Aurora Summer op"]
[Site "Aurora CAN"]
[Date "2014.07.05"]
[Round "3.7"]
[White "Bluvshtein, Ilia"]
[Black "Itkin, David"]
[Result "1/2-1/2"]
[WhiteElo "2218"]
[BlackElo "2233"]
[PlyCount "93"]
[EventDate "2014.07.05"]
[EventType "swiss"]
[EventRounds "5"]
[EventCountry "CAN"]

1. e4 d5 2. exd5 Nf6 3. Bb5+ Bd7 4. Be2 Bf5 5. Nf3 Nxd5 6. d4 e6 7. O-O Bd6 8.
Re1 O-O 9. a3 Nd7 10. c4 Nf4 11. Bf1 c5 12. Nc3 Ng6 13. Be3 a6 14. dxc5 Nxc5
15. b4 Ne4 16. Nxe4 Bxe4 17. Ng5 Bc6 18. Qh5 h6 19. Nxe6 fxe6 20. Qxg6 Rf6 21.
Qg4 Qe8 22. Bd3 Qf7 23. Rad1 Rf8 24. Be4 Bxe4 25. Qxe4 Bb8 26. Rd2 Bf4 27. g3
Bxe3 28. Qxe3 e5 29. Qe2 Rf3 30. a4 e4 31. c5 Qf6 32. Rc2 Kh8 33. b5 axb5 34.
axb5 e3 35. fxe3 Qg6 36. Rcc1 Qh5 37. c6 bxc6 38. bxc6 Rf1+ 39. Qxf1 Rxf1+ 40.
Rxf1 Qe5 41. Rfe1 Qc7 42. Kg2 Kh7 43. e4 h5 44. e5 Qa5 45. h4 Qa2+ 46. Kg1 Qb3
47. Kf2 {...} 1/2-1/2

[Event "Aurora Summer op"]
[Site "Aurora CAN"]
[Date "2014.07.05"]
[Round "3.8"]
[White "Liang, Hairan"]
[Black "Profit, Brian"]
[Result "1/2-1/2"]
[WhiteElo "1952"]
[BlackElo "2108"]
[PlyCount "54"]
[EventDate "2014.07.05"]
[EventType "swiss"]
[EventRounds "5"]
[EventCountry "CAN"]

1. e4 e6 2. d4 d5 3. exd5 exd5 4. Bd3 Bd6 5. c3 Nc6 6. h3 Nge7 7. Qc2 Be6 8.
Nf3 Qd7 9. Nbd2 h6 10. Nb3 Rd8 11. Bd2 Bf5 12. O-O-O Bxd3 13. Qxd3 Qf5 14. Kc2
b6 15. Rde1 Kd7 16. Re2 Qxd3+ 17. Kxd3 Ng6 18. g3 Rhe8 19. Rhe1 Re6 20. Rxe6
fxe6 21. c4 dxc4+ 22. Kxc4 Rf8 23. Re3 Nce7 24. Be1 c6 25. Ne5+ Bxe5 26. dxe5
Nd5 27. Re4 Nge7 1/2-1/2

[Event "Aurora Summer op"]
[Site "Aurora CAN"]
[Date "2014.07.05"]
[Round "3.9"]
[White "Chen, Richard"]
[Black "Lei, Sean"]
[Result "1-0"]
[WhiteElo "2071"]
[BlackElo "2008"]
[PlyCount "77"]
[EventDate "2014.07.05"]
[EventType "swiss"]
[EventRounds "5"]
[EventCountry "CAN"]

1. e4 c5 2. Nf3 d6 3. d4 cxd4 4. Qxd4 e5 5. Bb5+ Nd7 6. Bxd7+ Bxd7 7. Qd3 Be7
8. Nc3 h6 9. O-O Nf6 10. Nd2 Bc6 11. Nc4 Qc7 12. Ne3 a6 13. b3 O-O 14. Nf5 Kh7
15. Nd5 Bxd5 16. exd5 Kh8 17. Qh3 Ng8 18. c4 Rfe8 19. Qg3 Bf6 20. Bb2 g6 21.
Ne3 Kh7 22. Ng4 Bg7 23. Qh3 f5 24. Ne3 Nf6 25. Rab1 Qf7 26. f4 Ne4 27. Rbd1
exf4 28. Bxg7 Qxg7 29. Rxf4 Qc3 30. Rh4 Qg7 31. Rf1 Ng5 32. Qg3 Qe7 33. Re1 Qf6
34. Rf1 Re7 35. Rxh6+ Kxh6 36. Ng4+ fxg4 37. Rxf6 Ne4 38. Qf4+ Kg7 39. Re6 1-0

[Event "Aurora Summer op"]
[Site "Aurora CAN"]
[Date "2014.07.05"]
[Round "3.10"]
[White "Zeromskis, Egidijus"]
[Black "Zhong, Joey"]
[Result "1-0"]
[WhiteElo "2242"]
[BlackElo "1963"]
[PlyCount "69"]
[EventDate "2014.07.05"]
[EventType "swiss"]
[EventRounds "5"]
[EventCountry "CAN"]

1. e4 e6 2. d3 d5 3. Nd2 Nf6 4. Ngf3 Bc5 5. Be2 O-O 6. O-O Bb6 7. e5 Nfd7 8. d4
c5 9. c3 Nc6 10. Nb3 cxd4 11. cxd4 f6 12. exf6 Nxf6 13. Bg5 Qd6 14. Bh4 Ne4 15.
Bd3 Bc7 16. Bg3 Nxg3 17. hxg3 Bb6 18. Re1 g6 19. Rc1 Bd7 20. Bb5 Rac8 21. a3 a6
22. Bd3 Rce8 23. Rxc6 Bxc6 24. Ne5 Ba4 25. Qg4 Bxb3 26. Nxg6 Rf7 27. Ne5+ Rg7
28. Bxh7+ Kh8 29. Qh5 Rf8 30. Ng6+ Rxg6 31. Bxg6+ Kg7 32. Qh7+ Kf6 33. Bf5 Bxd4
34. Qg6+ Ke7 35. Rxe6+ 1-0

[Event "Aurora Summer op"]
[Site "Aurora CAN"]
[Date "2014.07.05"]
[Round "3.11"]
[White "Zhao, Yue Tong (Davy)"]
[Black "Rofrano, Joshua"]
[Result "1-0"]
[WhiteElo "2079"]
[BlackElo "2006"]
[PlyCount "42"]
[EventDate "2014.07.05"]
[EventType "swiss"]
[EventRounds "5"]
[EventCountry "CAN"]

1. e4 c5 2. Nf3 e6 3. d4 cxd4 4. Nxd4 Nf6 5. Nc3 d6 6. g4 h6 7. h4 Nc6 8. Nxc6
bxc6 9. Bg2 d5 10. g5 hxg5 11. hxg5 Rxh1+ 12. Bxh1 Nd7 13. exd5 cxd5 14. Qe2
Nb6 15. Bf4 Bb7 16. O-O-O Bd6 17. Be3 Be7 18. f4 Qc7 19. Kb1 O-O-O 20. f5 Kb8
21. Nb5 Ba6 {...} 1-0

[Event "Aurora Summer op"]
[Site "Aurora CAN"]
[Date "2014.07.06"]
[Round "4.1"]
[White "Sambuev, Bator"]
[Black "Kleinman, Michael"]
[Result "1-0"]
[WhiteElo "2690"]
[BlackElo "2370"]
[PlyCount "103"]
[EventDate "2014.07.05"]
[EventType "swiss"]
[EventRounds "5"]
[EventCountry "CAN"]

1. Nf3 c5 2. e4 Nc6 3. Bb5 g6 4. O-O Bg7 5. Re1 e5 6. Bxc6 dxc6 7. h3 Qe7 8. a3
c4 9. a4 Be6 10. d3 Rd8 11. Ra3 c5 12. Ng5 Nf6 13. Nxe6 Qxe6 14. Bg5 O-O 15.
Bxf6 Bxf6 16. Qe2 cxd3 17. Rxd3 Rd4 18. Nc3 Bd8 19. Nb5 Rxa4 20. Red1 Bg5 21.
b3 Ra2 22. Rd5 Rc8 23. Qd3 Ra6 24. c4 Ra2 25. Rd6 Qe7 26. Qb1 Ra6 27. Rd7 Qf6
28. Nc7 Rxc7 29. Rxc7 Rd6 30. Rxd6 Qxd6 31. Rxb7 a5 32. Qc2 Qd4 33. g3 Bd2 34.
Kg2 h5 35. h4 Kg7 36. Ra7 Kg8 37. Kf3 Kg7 38. Ke2 Bb4 39. Qd3 Qxd3+ 40. Kxd3
Kf6 41. Ke2 Ke6 42. Ra6+ Ke7 43. f3 Bc3 44. g4 hxg4 45. fxg4 Kf8 46. h5 g5 47.
h6 Kg8 48. Rf6 Kh7 49. Kd3 Be1 50. Rf1 Bg3 51. Rxf7+ Kxh6 52. Ke2 1-0

[Event "Aurora Summer op"]
[Site "Aurora CAN"]
[Date "2014.07.06"]
[Round "4.2"]
[White "Ochkoos, Jura"]
[Black "Tonakanian, Stephan"]
[Result "1/2-1/2"]
[WhiteElo "2342"]
[BlackElo "2025"]
[PlyCount "63"]
[EventDate "2014.07.05"]
[EventType "swiss"]
[EventRounds "5"]
[EventCountry "CAN"]

1. e4 e6 2. d4 d5 3. e5 c5 4. c3 Nc6 5. Nf3 Qb6 6. a3 c4 7. Nbd2 Na5 8. g3 Bd7
9. Bh3 h6 10. O-O O-O-O 11. Ne1 Kb8 12. f4 g6 13. Ndf3 Nb3 14. Rb1 Ne7 15. Ng2
a6 16. Be3 Bg7 17. Qe2 Rc8 18. Kh1 Na5 19. Rf2 Nac6 20. Rg1 Nd8 21. Bc1 Ba4 22.
Ne3 h5 23. Ng5 Bh6 24. Bg2 Bc6 25. Bf3 Bxg5 26. fxg5 Rf8 27. h4 Ba4 28. Kg2 Bc6
29. Rh1 Nf5 30. Rff1 Ka7 31. Rh2 Rh8 32. Rfh1 1/2-1/2